Rozpoznaj polskie miasta po zdjęciach #5 - Statystyki

Ogólne statystyki
  • Ten quiz został rozwiązany 55 razy
  • Średni wynik to 3 z 12
Statystyki odpowiedzi
Obrazkowy Odpowiedź % Poprawnych
Kazimierz Dolny
57%
Tarnów
57%
Kudowa-Zdrój
27%
Piła
27%
Stargard
25%
Sanok
23%
Rybnik
20%
Boguszów-Gorce
11%
Strzelce Opolskie
9%
Tomaszów Mazowiecki
9%
Żagań
9%
Ostrołęka
5%
Nie znaleziono quizów pasujących do podanych kryteriów
Rozkład punktacji
Procent ludzi z każdym wynikiem
Percentyl według liczby udzielonych odpowiedzi
Twoja historia wyników
Nie rozwiązałeś tego quizu